000 00861nam a2200253Ia 4500
003 OSt
005 20220923211034.0
006 a|||||r|||| 00| 0
007 ta
008 Pun
020 _a8171434223 (hbk)
_c120
024 _a243,544
037 _b248, 08/10/2010, H.K. Prakashan
_cTextual
040 _aARTS
_cARTS
_bPun
041 _2Pun
_aPun
082 _aO153,3NPR:g, P6
100 _aਸਿੰਘ, ਕਿਰਨਦੀਪ
_9157439
245 0 _aਪ੍ਰੇਮ ਪ੍ਰਕਾF ਦੀ ਕਥਾ ਸੰਵੇਦਨਾ
260 _aਅੰਮ੍ਰਿਤਸਰ
_b ਰਵੀ ਸਾਹਿਤ ਪ੍ਰਕਾFਨ
_c2006
300 _a104ਪੰ
_ccm.
650 _aਪੰਜਾਬੀ ਸਾਹਿਤ
942 _hO153,3NPR:g, P6
_cTEXL
_2CC
999 _c294337
_d294337